Kardashian & Jenner Family Members - Statistics

General Stats
  • This quiz has been taken 204 times
  • The average score is 9 of 12
Answer Stats
Picture Answer % Correct
Kim Kardashian
99%
Khloe Kardashian
94%
Kendall Jenner
92%
Kylie Jenner
90%
Kris Jenner
88%
Robert Kardashian
87%
Robert Kardashian Jr.
87%
Kourtney Kardashian
86%
Brandon Jenner
50%
Brody Jenner
50%
Caitlin Jenner
50%
Mary Jo Campbell
10%
No matching quizzes found
Score Distribution
Percent of People with Each Score
Percentile by Number Answered
Your Score History
You have not taken this quiz